Normal view
MARC view
- Schott, John R
Entry Personal Name
001 - CONTROL NUMBER
- control field: 96906
003 - CONTROL NUMBER IDENTIFIER
- control field: NUST
005 - DATE AND TIME OF LATEST TRANSACTION
- control field: 20220811145944.0
008 - FIXED-LENGTH DATA ELEMENTS
- fixed length control field: 220811|| aca||aabn | a|a d
040 ## - CATALOGING SOURCE
- Original cataloging agency: NUST
- Transcribing agency: NUST
100 ## - HEADING--PERSONAL NAME
- Personal name: Schott, John R
670 ## - SOURCE DATA FOUND
- Source citation: Work cat.: (NUST)217288: Schott, John R., Remote sensing :, 1997.
